000 00629nam a2200217 a 4500
005 20210219152858.0
008 991125n 000 0 spa u
035 _aUPN01000064852
100 1 _aAmigo Fernández de Arroyabe, María Luisa
222 _aREVISTA DE CIENCIAS DE LA EDUCACION
245 _aEl arte en el ámbito del ocio: su importancia a la educación del receptor
260 _aMadrid, España
300 _a63-85
362 0 _a1996 No. 165, ene.-mar.
653 0 _aARTE
653 0 _aDESARROLLO HUMANO
653 0 _aEDUCACION ARTISTICA
653 0 _aOCIO
904 _aAC
_b002663
905 _aArticulo
999 _c62773
_d62773